Les chiffres du Clavier ? (impossible) - Statistiques

Statistiques générales
  • Ce quiz a été pris 1 318 fois
  • Le résultat moyen est 24 sur 41
Statistiques - réponses
Réponse % Correct
1
99%
2
98%
3
96%
4
95%
5
95%
6
93%
7
93%
8
93%
9
93%
11
84%
10
83%
12
83%
13
78%
14
78%
15
75%
16
75%
0
73%
17
73%
18
71%
19
70%
21
64%
20
62%
22
57%
23
54%
24
50%
25
47%
26
42%
27
39%
28
36%
29
34%
31
31%
30
28%
32
24%
33
20%
34
19%
35
13%
36
11%
37
10%
38
9%
39
8%
40
7%
Aucun quiz correspondant
Distribution des résultats
% des personnes avec chaque résultat
Percentile par nombre de réponses
Votre historique - résultats
Vous n’avez pas pris ce quiz